<?xml version="1.0" encoding="UTF-8"?>
<record
    xmlns:xsi="http://www.w3.org/2001/XMLSchema-instance"
    xsi:schemaLocation="http://www.loc.gov/MARC21/slim http://www.loc.gov/standards/marcxml/schema/MARC21slim.xsd"
    xmlns="http://www.loc.gov/MARC21/slim">

  <leader>02012cam a2200337 i 4500</leader>
  <controlfield tag="001">19352182</controlfield>
  <controlfield tag="003">OSt</controlfield>
  <controlfield tag="005">20210527131653.0</controlfield>
  <controlfield tag="008">160415s2015    ck a     b   f000 0 spa  </controlfield>
  <datafield tag="020" ind1=" " ind2=" ">
    <subfield code="a">9789583802348</subfield>
  </datafield>
  <datafield tag="040" ind1=" " ind2=" ">
    <subfield code="a">DLC</subfield>
    <subfield code="c">CO-JMCR</subfield>
  </datafield>
  <datafield tag="041" ind1="0" ind2=" ">
    <subfield code="a">spa</subfield>
  </datafield>
  <datafield tag="082" ind1="0" ind2="4">
    <subfield code="a">330.9861 /</subfield>
    <subfield code="b">O151h</subfield>
    <subfield code="2">23</subfield>
  </datafield>
  <datafield tag="100" ind1="1" ind2=" ">
    <subfield code="a">Ocampo Gaviria, Jos&#xE9; Antonio, </subfield>
    <subfield code="e">autor</subfield>
    <subfield code="9">7571</subfield>
  </datafield>
  <datafield tag="245" ind1="1" ind2="0">
    <subfield code="a">Historia econ&#xF3;mica de Colombia /</subfield>
    <subfield code="c">Jos&#xE9; Antonio Ocampo Gaviria, compilador </subfield>
  </datafield>
  <datafield tag="250" ind1=" " ind2=" ">
    <subfield code="a">Edici&#xF3;n revisada y actualizada.</subfield>
  </datafield>
  <datafield tag="250" ind1=" " ind2=" ">
    <subfield code="a">Cuarta edici&#xF3;n.</subfield>
  </datafield>
  <datafield tag="260" ind1=" " ind2=" ">
    <subfield code="a">Bogot&#xE1;, Colombia :</subfield>
    <subfield code="b">Ediciones Fondo de Cultura Econ&#xF3;mica :</subfield>
    <subfield code="b">Fundaci&#xF3;n para la Educaci&#xF3;n Superior y el Desarrollo Fedesarrollo,</subfield>
    <subfield code="c">2015.</subfield>
  </datafield>
  <datafield tag="300" ind1=" " ind2=" ">
    <subfield code="a">401 p&#xE1;ginas </subfield>
    <subfield code="b">ilustraciones y gr&#xE1;ficas en blanco y negro ; </subfield>
    <subfield code="c">23 cm.</subfield>
  </datafield>
  <datafield tag="490" ind1="0" ind2=" ">
    <subfield code="a">Econom&#xED;a</subfield>
  </datafield>
  <datafield tag="504" ind1=" " ind2=" ">
    <subfield code="a">Bibliograf&#xED;a : p&#xE1;ginas 374-394.</subfield>
  </datafield>
  <datafield tag="505" ind1="0" ind2=" ">
    <subfield code="t">La formaci&#xF3;n de la econom&#xED;a colonial. (1500-1740). /</subfield>
    <subfield code="r">Germ&#xE1;n Colmenares. -- </subfield>
    <subfield code="t">La econom&#xED;a del virreinato (1740-1810). / </subfield>
    <subfield code="r">Jaime Jaramillo Uribe. -- </subfield>
    <subfield code="t">La lenta ruptura con el pasado colonial (1810-1850). / </subfield>
    <subfield code="r">Hermes Tovar Pinz&#xF3;n. -- </subfield>
    <subfield code="t">Las vicisitudes del modelo liberal (1850-1899). / </subfield>
    <subfield code="r">Jorge Orlando Melo Gonz&#xE1;lez. --</subfield>
    <subfield code="t">El despegue cafetero (1900-1928). / </subfield>
    <subfield code="r">Jes&#xFA;s Antonio Bejarano &#xC1;vila. -- </subfield>
    <subfield code="t">La crisis mundial en el cambio estructural (1929-1945). / </subfield>
    <subfield code="r">Jos&#xE9; Antonio Ocampo Gaviria. -- </subfield>
    <subfield code="t">Industrializaci&#xF3;n e intervencionismo estatal (1945-1980). / </subfield>
    <subfield code="r">Jos&#xE9; Antonio Ocampo Gaviria ; </subfield>
    <subfield code="r">Joaqu&#xED;n Berna Ram&#xED;rez. --  </subfield>
    <subfield code="t">La b&#xFA;squeda, larga e inconclusa, de un nuevo modelo (1981-2014). / </subfield>
    <subfield code="r">Jos&#xE9; Antonio Ocampo Gaviria ; </subfield>
    <subfield code="r">Carmen Astrid Romero Baquero. </subfield>
  </datafield>
  <datafield tag="650" ind1="1" ind2="4">
    <subfield code="a">Historia econ&#xF3;mica.</subfield>
    <subfield code="z">Colombia</subfield>
    <subfield code="9">6882</subfield>
  </datafield>
  <datafield tag="650" ind1="2" ind2="4">
    <subfield code="a">Industrializaci&#xF3;n </subfield>
    <subfield code="z">Colombia</subfield>
    <subfield code="9">37972</subfield>
  </datafield>
  <datafield tag="650" ind1="2" ind2="4">
    <subfield code="a">Nuevos modelos econ&#xF3;micos </subfield>
    <subfield code="z">Colombia.</subfield>
    <subfield code="9">37973</subfield>
  </datafield>
  <datafield tag="651" ind1=" " ind2="0">
    <subfield code="a">Colombia</subfield>
    <subfield code="x">Economic conditions.</subfield>
    <subfield code="9">37974</subfield>
  </datafield>
  <datafield tag="651" ind1=" " ind2="0">
    <subfield code="a">Colombia</subfield>
    <subfield code="x">History</subfield>
    <subfield code="y">To 1810.</subfield>
    <subfield code="9">37975</subfield>
  </datafield>
  <datafield tag="651" ind1=" " ind2="0">
    <subfield code="a">Colombia</subfield>
    <subfield code="x">History</subfield>
    <subfield code="y">1810-</subfield>
    <subfield code="9">37976</subfield>
  </datafield>
  <datafield tag="700" ind1="1" ind2=" ">
    <subfield code="a">Ocampo, Jos&#xE9; Antonio,</subfield>
    <subfield code="e">editor</subfield>
    <subfield code="9">6129</subfield>
  </datafield>
  <datafield tag="942" ind1=" " ind2=" ">
    <subfield code="2">ddc</subfield>
    <subfield code="c">BK</subfield>
  </datafield>
  <datafield tag="999" ind1=" " ind2=" ">
    <subfield code="c">11734</subfield>
    <subfield code="d">11734</subfield>
  </datafield>
  <datafield tag="952" ind1=" " ind2=" ">
    <subfield code="0">0</subfield>
    <subfield code="1">0</subfield>
    <subfield code="2">ddc</subfield>
    <subfield code="4">0</subfield>
    <subfield code="7">0</subfield>
    <subfield code="a">CPL</subfield>
    <subfield code="b">CPL</subfield>
    <subfield code="c">GEN</subfield>
    <subfield code="d">2018-04-15</subfield>
    <subfield code="e">Donaci&#xF3;n</subfield>
    <subfield code="o">330.9861 / O151h</subfield>
    <subfield code="p">430000809</subfield>
    <subfield code="r">2024-05-16 00:00:00</subfield>
    <subfield code="t">Ej.1</subfield>
    <subfield code="w">2021-03-10</subfield>
    <subfield code="y">BK</subfield>
  </datafield>
</record>
